000 00253nam a2200097Ia 4500
005 20251222175818.0
008 251222s9999||||xx |||||||||||||| ||spa||
082 _aDVD0070/O45/1978
245 0 _aEl árbol de los zuecos:L'albero degli zoccoli
942 _cDVD
999 _c40372
_d40372